[Event "XIX Festival Conca della Presolana Magistrale"]
[Site "Bratto - Castione della Presolana ITA"]
[Date "1999.08.28"]
[Round "7"]
[White "Lantini, Marco"]
[Black "Zaitsev, Vadim"]
[Result "1/2-1/2"]
[WhiteElo "2193"]
[BlackElo "2411"]
[PlyCount "116"]
[EventDate "1999.08.22"]

1.e4 c5 2.Nf3 Nc6 3.d4 cxd4 4.Nxd4 Nf6 5.Nc3 d6 6.Bg5 e6 7.Qd2 Be7 8.O-O-O
O-O 9.f4 h6 10.Bh4 e5 11.Nf5 Bxf5 12.exf5 exf4 13.Kb1 d5 14.Bxf6 Bxf6 15.
Nxd5 Be5 16.c3 Ne7 17.Nxe7+ Qxe7 18.Bd3 Qf6 19.Qf2 b5 20.Rhe1 a6 21.Qc5 
Rfe8 22.Bc2 f3 23.gxf3 Bxh2 24.Rxe8+ Rxe8 25.Be4 Bf4 26.Rd7 Rd8 27.Qc6 
Rxd7 28.Qxd7 Qd6 29.Qxd6 Bxd6 30.Kc2 h5 31.Kd3 Bf4 32.Ke2 h4 33.Bb7 a5 34.
b4 a4 35.Bc6 a3 36.Bxb5 Be5 37.Kd2 h3 38.Bf1 h2 39.Bg2 Kh7 40.c4 Kh6 41.
Ke3 Kg5 42.f4+ Bxf4+ 43.Ke4 Kg4 44.c5 Kg3 45.Bh1 g5 46.fxg6 fxg6 47.b5 g5 
48.b6 Kf2 49.c6 Kg1 50.c7 Kxh1 51.c8=Q Kg2 52.Qc2+ Kg1 53.Qc5+ Kf1 54.Qxa3
h1=Q+ 55.Qf3+ Qxf3+ 56.Kxf3 Ke1 57.a4 Kd2 58.b7 Kd3 1/2-1/2

[Event "XIX Festival Conca della Presolana Magistrale"]
[Site "Bratto - Castione della Presolana ITA"]
[Date "1999.08.28"]
[Round "7"]
[White "Lapiccirella, Mattia"]
[Black "Moncelli, Giorgio"]
[Result "1/2-1/2"]
[WhiteElo "2124"]
[BlackElo "2174"]
[PlyCount "117"]
[EventDate "1999.08.22"]

1.d4 c5 2.d5 d6 3.c4 Nf6 4.Nc3 g6 5.e4 Bg7 6.f4 O-O 7.Nf3 e6 8.Be2 exd5 9.
cxd5 Re8 10.Nd2 Ng4 11.Bxg4 Qh4+ 12.g3 Qxg4 13.Qxg4 Bxg4 14.Kf2 Na6 15.a3 
Nc7 16.h3 Bd7 17.Nc4 Bxc3 18.bxc3 Nb5 19.e5 dxe5 20.Nxe5 Bf5 21.g4 Be4 22.
Re1 f6 23.Nd7 Kf7 24.c4 Nd6 25.Nxc5 Rac8 26.Be3 b6 27.Nxe4 Nxe4+ 28.Kf3 
Rxc4 29.Rad1 Nd6 30.Bd2 Rxe1 31.Bxe1 a5 32.Rb1 Nc8 33.Bf2 Rc3+ 34.Kg2 a4 
35.Bxb6 Rb3 36.Rxb3 axb3 37.Bd4 Nd6 38.Kf2 Nc4 39.d6 b2 40.d7 Ke7 41.d8=Q+
Kxd8 42.Bxf6+ Kd7 43.Bxb2 Nxb2 44.Kf3 Kd6 45.Ke4 Nd1 46.h4 Nc3+ 47.Kd3 Na4
48.Ke4 Ke6 49.f5+ gxf5+ 50.gxf5+ Kf6 51.Kf4 h5 52.Ke4 Nb2 53.Kf4 Nc4 54.a4
Nd6 55.a5 Nxf5 56.a6 Ne7 57.a7 Nd5+ 58.Ke4 Nc7 59.Kf4 1/2-1/2

[Event "XIX Festival Conca della Presolana Magistrale"]
[Site "Bratto - Castione della Presolana ITA"]
[Date "1999.08.28"]
[Round "7"]
[White "Luchsinger, Eric"]
[Black "Campanile, Antonio"]
[Result "0-1"]
[WhiteElo "2200"]
[BlackElo "2156"]
[PlyCount "59"]
[EventDate "1999.08.22"]

1.d4 f5 2.Nc3 d5 3.Bf4 e6 4.e3 Nf6 5.h4 Bd6 6.Nf3 Nbd7 7.g3 a6 8.h5 O-O 9.
h6 g6 10.Bxd6 cxd6 11.Bg2 b5 12.Ne2 Nb6 13.Nd2 Bd7 14.c3 Qc7 15.Kf1 Rf7 
16.Kg1 Re8 17.Rc1 Ne4 18.Nf4 Bc6 19.Rb1 Qe7 20.Rc1 e5 21.Ne2 Nc4 22.Nxc4 
dxc4 23.Rc2 Qb7 24.Rh2 Nf6 25.Qf1 Ne4 26.a3 Ng5 27.Kh1 Nf3 28.Rh3 Be4 29.
Bxf3 Bxf3+ 30.Kh2 0-1

[Event "XIX Festival Conca della Presolana Magistrale"]
[Site "Bratto - Castione della Presolana ITA"]
[Date "1999.08.28"]
[Round "7"]
[White "Malfagia, Andrea"]
[Black "Oppici, Gabriele"]
[Result "1-0"]
[WhiteElo "2306"]
[BlackElo "2052"]
[PlyCount "67"]
[EventDate "1999.08.22"]

1.e4 Nc6 2.Nf3 d6 3.d4 Nf6 4.Nbd2 Bg4 5.c3 e6 6.Bd3 Be7 7.O-O O-O 8.Re1 
Bh5 9.b4 Rc8 10.Qa4 Ra8 11.b5 Nb8 12.c4 e5 13.Bb2 exd4 14.Bxd4 Nbd7 15.Qc2
Bg6 16.Nb3 Ng4 17.Rad1 Qc8 18.c5 Nge5 19.Nxe5 Nxe5 20.Be2 f5 21.Bxe5 dxe5 
22.exf5 Bxf5 23.Bd3 Bxd3 24.Rxd3 Bf6 25.Qc4+ Kh8 26.c6 bxc6 27.bxc6 Qf5 
28.Rf3 Qg6 29.Nc5 Be7 30.Rxf8+ Bxf8 31.Nd7 Bd6 32.Qe4 Qe6 33.a4 Rd8 34.f4 
1-0

[Event "XIX Festival Conca della Presolana Magistrale"]
[Site "Bratto - Castione della Presolana ITA"]
[Date "1999.08.28"]
[Round "7"]
[White "Mariano, Elia"]
[Black "Caruso, Daniele"]
[Result "1-0"]
[WhiteElo "2235"]
[BlackElo "2103"]
[PlyCount "67"]
[EventDate "1999.08.22"]

1.d4 Nf6 2.c4 c5 3.Nf3 cxd4 4.Nxd4 e5 5.Nb5 d5 6.cxd5 Bc5 7.N5c3 O-O 8.e3 
e4 9.Nd2 Qe7 10.a3 Bf5 11.b4 Bd6 12.Bb2 Nbd7 13.Nc4 a6 14.Be2 Ne5 15.Nxd6 
Qxd6 16.Qd4 Rfe8 17.h3 Bg6 18.O-O Rad8 19.Rfd1 Ned7 20.Rac1 Re5 21.Qa7 Re7
22.Qxb7 Ne5 23.Qxa6 Qb8 24.d6 Re6 25.Qb5 Qa8 26.Nd5 Nxd5 27.Qxd5 Qxd5 28.
Rxd5 Nd3 29.Bxd3 exd3 30.d7 Kf8 31.Rc8 Ke7 32.Bd4 Be4 33.Bc5+ Kf6 34.Rd4 
1-0

[Event "XIX Festival Conca della Presolana Magistrale"]
[Site "Bratto - Castione della Presolana ITA"]
[Date "1999.08.28"]
[Round "7"]
[White "Mascheroni, Maurizio"]
[Black "Leoni, Fabrizio"]
[Result "1-0"]
[WhiteElo "2067"]
[BlackElo "1905"]
[PlyCount "59"]
[EventDate "1999.08.22"]

1.e4 c6 2.d4 d5 3.Nd2 dxe4 4.Nxe4 Nd7 5.Nf3 Ngf6 6.Ng3 e6 7.Bd3 c5 8.O-O 
Bd6 9.Bg5 Qc7 10.c3 O-O 11.Re1 h6 12.Bxf6 Nxf6 13.Ne5 b6 14.Nh5 Nxh5 15.
Qxh5 Bb7 16.Ng4 f5 17.Nxh6+ gxh6 18.Rxe6 Bf4 19.g3 Qf7 20.Qe2 Bd5 21.Re7 
Qg6 22.Bc4 Bf7 23.Re1 Bg5 24.Rc7 Qd6 25.Rxf7 Rxf7 26.Qh5 Rf8 27.h4 Bd2 28.
Re6 Qd7 29.f4 Kh8 30.Qxh6+ 1-0

[Event "XIX Festival Conca della Presolana Magistrale"]
[Site "Bratto - Castione della Presolana ITA"]
[Date "1999.08.28"]
[Round "7"]
[White "Menoni, Vincenzo"]
[Black "Temi, Walter"]
[Result "1-0"]
[WhiteElo "2281"]
[BlackElo "2096"]
[PlyCount "91"]
[EventDate "1999.08.22"]

1.e4 b6 2.d4 Bb7 3.Bd3 e6 4.Nf3 c5 5.c3 d5 6.e5 Qd7 7.O-O Ba6 8.Bxa6 Nxa6 
9.Qe2 Nc7 10.a4 c4 11.Nbd2 Ne7 12.b3 cxb3 13.Nxb3 Nc6 14.Bd2 Be7 15.Ne1 
O-O 16.Nd3 Rac8 17.f4 f5 18.g4 Qe8 19.g5 h5 20.gxh6 gxh6 21.Rf3 Kh7 22.Rg3
Rg8 23.Kh1 Qf7 24.a5 Rg4 25.Rxg4 fxg4 26.axb6 axb6 27.Qxg4 Rg8 28.Qf3 Qg6 
29.Rf1 Qf5 30.Rg1 Rxg1+ 31.Kxg1 Bd8 32.Be1 Na5 33.Nbc1 Qe4 34.Kg2 Qxf3+ 
35.Kxf3 Kg6 36.Ne2 h5 37.Ng3 h4 38.Nf1 Kh5 39.Ne3 Nc4 40.Nxc4 dxc4 41.Nb4 
Be7 42.Nc2 b5 43.h3 Kg6 44.Ke4 Bd8 45.Ne3 Be7 46.f5+ 1-0

[Event "XIX Festival Conca della Presolana Magistrale"]
[Site "Bratto - Castione della Presolana ITA"]
[Date "1999.08.28"]
[Round "7"]
[White "Ragonese, Lucio Rosario"]
[Black "Lapiccirella, Daniele"]
[Result "1-0"]
[WhiteElo "2010"]
[BlackElo "1891"]
[PlyCount "77"]
[EventDate "1999.08.22"]

1.d4 d5 2.Nf3 Nf6 3.Bg5 Ne4 4.Bf4 c5 5.c3 Qb6 6.Qc1 cxd4 7.Nxd4 Nc6 8.e3 
Nxd4 9.exd4 Bf5 10.Be2 e6 11.O-O Be7 12.Nd2 Rc8 13.Bf3 Nxd2 14.Qxd2 O-O 
15.Rfe1 Bd6 16.Bxd6 Qxd6 17.Re5 b5 18.Bxd5 f6 19.Rxf5 exd5 20.Re1 Rc4 21.
Rf3 Rb8 22.Rfe3 b4 23.b3 bxc3 24.Rxc3 Rxc3 25.Qxc3 Qb4 26.Qxb4 Rxb4 27.Rd1
Kf7 28.Kf1 Ke6 29.Ke2 Kd6 30.Kd3 Rb8 31.Re1 Rc8 32.Kd2 h5 33.Re3 g6 34.Rg3
g5 35.Rf3 Ke6 36.Rc3 Rd8 37.Rc6+ Ke7 38.Rc7+ Ke6 39.Rxa7 1-0

[Event "XIX Festival Conca della Presolana Magistrale"]
[Site "Bratto - Castione della Presolana ITA"]
[Date "1999.08.28"]
[Round "7"]
[White "Ranieri, Fabrizio"]
[Black "Perissinotto, Claudio"]
[Result "1/2-1/2"]
[WhiteElo "2155"]
[BlackElo "1990"]
[PlyCount "97"]
[EventDate "1999.08.22"]

1.e4 d6 2.d4 Nf6 3.Nc3 g6 4.Be3 c6 5.Qd2 b5 6.f3 Bg7 7.g4 b4 8.Nce2 Qa5 9.
Ng3 c5 10.N1e2 Nc6 11.Bg2 h5 12.g5 Nd7 13.h4 Nb6 14.b3 cxd4 15.Nxd4 Nxd4 
16.Bxd4 Bxd4 17.Qxd4 Qe5 18.Qxe5 dxe5 19.Kf2 Be6 20.Ne2 Rc8 21.Rhc1 O-O 
22.c4 bxc3 23.Rxc3 Rxc3 24.Nxc3 Rc8 25.Rc1 a5 26.Ne2 Rxc1 27.Nxc1 f6 28.
Nd3 Nd7 29.Kg3 Kf7 30.Bh3 fxg5 31.Bxe6+ Kxe6 32.hxg5 Kd6 33.b4 axb4 34.
Nxb4 Kc5 35.Nd5 e6 36.Nf6 Nf8 37.Kh4 Kb4 38.Nxh5 Ka3 39.Nf6 Kxa2 40.Ng4 
Nd7 41.Nf6 Nf8 42.Kg3 Kb3 43.Kf2 Kc4 44.Ke2 Kd4 45.Kd2 Kc4 46.Kc2 Kd4 47.
Kd2 Kc4 48.Kc2 Kd4 49.Kd2 1/2-1/2

[Event "XIX Festival Conca della Presolana Magistrale"]
[Site "Bratto - Castione della Presolana ITA"]
[Date "1999.08.28"]
[Round "7"]
[White "Skembris, Spyridon"]
[Black "Bellini, Fabio"]
[Result "1/2-1/2"]
[WhiteElo "2477"]
[BlackElo "2418"]
[PlyCount "33"]
[EventDate "1999.08.22"]

1.d4 Nf6 2.c4 e6 3.Nf3 d5 4.Nc3 Nbd7 5.Bg5 c6 6.e3 Qa5 7.Bxf6 Nxf6 8.Nd2 
Qd8 9.a3 c5 10.cxd5 Nxd5 11.Bb5+ Bd7 12.Qb3 cxd4 13.Nxd5 exd5 14.O-O Bxb5 
15.Qxb5+ Qd7 16.Qb3 Bd6 17.exd4 1/2-1/2

[Event "XIX Festival Conca della Presolana Magistrale"]
[Site "Bratto - Castione della Presolana ITA"]
[Date "1999.08.28"]
[Round "7"]
[White "Zoldan, Matteo"]
[Black "Scavo, Fernando"]
[Result "0-1"]
[WhiteElo "2105"]
[BlackElo "2290"]
[PlyCount "80"]
[EventDate "1999.08.22"]

1.c4 c5 2.Nc3 g6 3.g3 Bg7 4.Bg2 Nc6 5.e4 e6 6.Nge2 Nge7 7.O-O O-O 8.a3 d6 
9.Rb1 b6 10.b4 Bb7 11.d3 Nd4 12.Be3 Qd7 13.Qd2 Rad8 14.f4 Ba8 15.Bf2 f5 
16.Nxd4 cxd4 17.Ne2 e5 18.Qc2 fxe4 19.dxe4 Rc8 20.Qb3 Kh8 21.Rbc1 Ng8 22.
Rfe1 Nf6 23.Nxd4 exd4 24.Bxd4 Rfe8 25.Qd3 Re7 26.Rcd1 Ne8 27.Bxg7+ Rxg7 
28.e5 Bxg2 29.Kxg2 Qc6+ 30.Kh3 dxe5 31.Rxe5 Nf6 32.c5 bxc5 33.Rxc5 Qe8 34.
Qc3 Rxc5 35.Qxc5 Qe6+ 36.f5 Qxf5+ 37.Qxf5 gxf5 38.Rd8+ Rg8 39.Rd6 Rf8 40.
Kh4 Kg7 0-1

[Event "XIX Festival Conca della Presolana Magistrale"]
[Site "Bratto - Castione della Presolana ITA"]
[Date "1999.08.29"]
[Round "8"]
[White "Battaggia, Piergiorgio"]
[Black "Lantini, Marco"]
[Result "1/2-1/2"]
[WhiteElo "2083"]
[BlackElo "2193"]
[PlyCount "57"]
[EventDate "1999.08.22"]

1.d4 Nf6 2.c4 e6 3.Nf3 b6 4.Nc3 Bb4 5.Bg5 Bb7 6.e3 h6 7.Bh4 g5 8.Bg3 Ne4 
9.Qc2 Bxc3+ 10.bxc3 Nxg3 11.fxg3 d6 12.Bd3 Nd7 13.Be4 Bxe4 14.Qxe4 Nf6 15.
Qc6+ Ke7 16.Nd2 d5 17.O-O Qd6 18.cxd5 Nxd5 19.Qa4 Nxc3 20.Qc4 Nd5 21.Rae1 
Qb4 22.e4 Qxc4 23.Nxc4 Nb4 24.Ne5 Rhf8 25.Rf2 c5 26.dxc5 bxc5 27.a3 f6 28.
Ng6+ Kf7 29.Ne5+ 1/2-1/2

[Event "XIX Festival Conca della Presolana Magistrale"]
[Site "Bratto - Castione della Presolana ITA"]
[Date "1999.08.29"]
[Round "8"]
[White "Bellini, Fabio"]
[Black "Drazic, Sinisa"]
[Result "1/2-1/2"]
[WhiteElo "2418"]
[BlackElo "2493"]
[PlyCount "139"]
[EventDate "1999.08.22"]

1.e4 Nf6 2.d3 c5 3.g3 Nc6 4.Bg2 d5 5.Nd2 g6 6.Ngf3 Bg7 7.O-O O-O 8.Re1 h6 
9.a3 dxe4 10.dxe4 Be6 11.Qe2 Qc8 12.c3 Nd7 13.Nc4 b5 14.Ne3 c4 15.a4 b4 
16.Nd5 bxc3 17.bxc3 Nb6 18.Nxb6 axb6 19.e5 Bd5 20.Be3 Ra6 21.Reb1 Qa8 22.
Rxb6 Rxa4 23.Rxa4 Qxa4 24.Nd2 Bxg2 25.Kxg2 Nxe5 26.Bd4 Qa5 27.Rb4 Rd8 28.
Bxe5 Bxe5 29.Nf3 Bxc3 30.Rxc4 Bf6 31.Qc2 Qa6 32.Rc6 Qa8 33.Rc4 Kg7 34.h4 
h5 35.Qe4 Qa5 36.Rc1 Rb8 37.Re1 Rb4 38.Qe3 Qd5 39.Re2 Rg4 40.Rd2 Qc6 41.
Kg1 Re4 42.Qd3 Rc4 43.Qd5 Rc1+ 44.Kg2 Qa6 45.Rd1 Rc6 46.Qd7 Rc2 47.Rd2 Rc3
48.Qd5 e6 49.Qe4 Rc1 50.Re2 Rc4 51.Qd3 Qc6 52.Qe3 Kh7 53.Re1 Kg8 54.Re2 
Bd8 55.Rd2 Ba5 56.Rb2 Bc7 57.Qa7 Rc1 58.Qb7 Qc4 59.Qb5 Qe4 60.Qb7 Qd3 61.
Ng5 Qf1+ 62.Kh2 Rc4 63.Ne4 Kg7 64.Rd2 Rc1 65.Ng5 Qe1 66.Qf3 Qg1+ 67.Kh3 
Qf1+ 68.Kh2 Qg1+ 69.Kh3 Qf1+ 70.Kh2 1/2-1/2

[Event "XIX Festival Conca della Presolana Magistrale"]
[Site "Bratto - Castione della Presolana ITA"]
[Date "1999.08.29"]
[Round "8"]
[White "Campanile, Antonio"]
[Black "De Barberis, Massimo"]
[Result "1/2-1/2"]
[WhiteElo "2156"]
[BlackElo "2096"]
[PlyCount "44"]
[EventDate "1999.08.22"]

1.f4 g6 2.Nf3 c6 3.e3 Bg7 4.Be2 Nf6 5.Nc3 O-O 6.b3 Nd5 7.Bb2 Nxc3 8.Bxc3 
Bxc3 9.dxc3 d6 10.h4 Qa5 11.h5 Qxc3+ 12.Kf2 Bf5 13.hxg6 hxg6 14.Nd4 Nd7 
15.Nxf5 gxf5 16.Rh5 Kg7 17.Rg5+ Kf6 18.g4 Rh8 19.Rxf5+ Kg7 20.Rg5+ Kf6 21.
Rf5+ Kg7 22.Rg5+ Kf6 1/2-1/2

[Event "XIX Festival Conca della Presolana Magistrale"]
[Site "Bratto - Castione della Presolana ITA"]
[Date "1999.08.29"]
[Round "8"]
[White "Caruso, Daniele"]
[Black "Brancaleoni, Maurizio"]
[Result "1-0"]
[WhiteElo "2103"]
[BlackElo "2197"]
[PlyCount "119"]
[EventDate "1999.08.22"]

1.e4 c5 2.Nf3 Nc6 3.d4 cxd4 4.Nxd4 Nf6 5.Nc3 d6 6.Bg5 e6 7.Qd2 a6 8.O-O-O 
h6 9.Be3 Be7 10.f3 Nxd4 11.Qxd4 b5 12.g4 Bb7 13.Rg1 Qa5 14.Kb1 b4 15.Ne2 
e5 16.Qd3 d5 17.exd5 Bxd5 18.Nc1 Bxf3 19.Be2 Be4 20.Qb3 Qc7 21.Bc4 O-O 22.
g5 hxg5 23.Bxg5 Rac8 24.Bd3 Bd5 25.Bxf6 Bxf6 26.Qxd5 Rfd8 27.Qe4 g6 28.Ne2
Bg7 29.Bxa6 Ra8 30.Rxd8+ Rxd8 31.Bc4 Rd6 32.Bb3 Qb6 33.Rf1 Rf6 34.Rd1 Rf2 
35.h4 Qf6 36.c3 Rh2 37.Rh1 Rxh1+ 38.Qxh1 Qf2 39.Qe4 Kh7 40.h5 Bh6 41.hxg6+
Kg7 42.Qxe5+ Kxg6 43.Qg3+ Qxg3 44.Nxg3 bxc3 45.bxc3 Bg7 46.Ne2 Be5 47.Kc2 
f5 48.Kd3 Kf6 49.Nd4 Bc7 50.Be6 f4 51.Ke4 Ke7 52.Bb3 Kd7 53.Ne2 Ba5 54.
Kxf4 Kd6 55.Ke4 Kc5 56.Kd3 Bd8 57.Ng3 Be7 58.Ne4+ Kb5 59.Kd4 Ba3 60.Bd5 
1-0

[Event "XIX Festival Conca della Presolana Magistrale"]
[Site "Bratto - Castione della Presolana ITA"]
[Date "1999.08.29"]
[Round "8"]
[White "Castaldo, Folco"]
[Black "Zoldan, Matteo"]
[Result "1-0"]
[WhiteElo "2225"]
[BlackElo "2105"]
[PlyCount "51"]
[EventDate "1999.08.22"]

1.e4 c5 2.Nc3 Nc6 3.f4 g6 4.Nf3 Bg7 5.Bb5 d6 6.Bxc6+ bxc6 7.d3 e6 8.e5 d5 
9.b3 Ne7 10.O-O Ba6 11.Na4 c4 12.dxc4 dxc4 13.Qxd8+ Rxd8 14.Nc5 Bc8 15.
bxc4 Nf5 16.c3 h5 17.Re1 O-O 18.Ba3 Rfe8 19.Kf2 Bf8 20.Red1 Ba6 21.Nd2 Kg7
22.Nxa6 Bxa3 23.Ne4 Be7 24.c5 f6 25.Nc7 fxe5 26.Nxe8+ 1-0

[Event "XIX Festival Conca della Presolana Magistrale"]
[Site "Bratto - Castione della Presolana ITA"]
[Date "1999.08.29"]
[Round "8"]
[White "Dervishi, Erald"]
[Black "Szekely, Peter"]
[Result "1/2-1/2"]
[WhiteElo "2496"]
[BlackElo "2436"]
[PlyCount "52"]
[EventDate "1999.08.22"]

1.e4 c5 2.Nf3 d6 3.d4 cxd4 4.Nxd4 Nf6 5.Nc3 a6 6.Be2 e5 7.Nb3 Be7 8.O-O 
Be6 9.Kh1 Nbd7 10.f4 Rc8 11.f5 Bc4 12.Be3 O-O 13.Bxc4 Rxc4 14.Nd2 Rc8 15.
g4 h6 16.g5 hxg5 17.Bxg5 Kh7 18.Rg1 Rh8 19.Qf3 Kg8 20.Rg2 Rh7 21.Rag1 Kh8 
22.Nf1 Nh5 23.Nd5 Bxg5 24.Rxg5 Ndf6 25.Nfe3 Nf4 26.Nxf4 exf4 1/2-1/2

[Event "XIX Festival Conca della Presolana Magistrale"]
[Site "Bratto - Castione della Presolana ITA"]
[Date "1999.08.29"]
[Round "8"]
[White "Di Fonzo, Valerio"]
[Black "Everet, Alexandro"]
[Result "1/2-1/2"]
[WhiteElo "2211"]
[BlackElo "2294"]
[PlyCount "87"]
[EventDate "1999.08.22"]

1.e4 g6 2.d4 Bg7 3.Nc3 d6 4.Nf3 Nf6 5.Be2 c6 6.a4 O-O 7.O-O h6 8.h3 Nh7 9.
Re1 Nd7 10.Be3 e5 11.dxe5 dxe5 12.Qd2 g5 13.Red1 Qf6 14.Qd6 Re8 15.Qxf6 
Bxf6 16.Nd2 Ndf8 17.Nc4 Ne6 18.Nd6 Rd8 19.Bg4 Nhf8 20.a5 Bd7 21.Nxb7 Rdb8 
22.a6 Bc8 23.Rd6 Bxb7 24.axb7 Rxb7 25.Rxc6 Rxb2 26.Nd5 Bd8 27.Rxa7 Rb1+ 
28.Kh2 Rab8 29.Bh5 R8b7 30.Rxb7 Rxb7 31.Rc8 Kg7 32.Bg4 Ba5 33.Ra8 Bb4 34.
Ra7 Rb8 35.c3 Bc5 36.Bxc5 Nxc5 37.Bf5 Rb2 38.f3 Nd3 39.Nc7 Nf4 40.Ne8+ Kg8
41.Nf6+ Kg7 42.Ne8+ Kg8 43.Nf6+ Kg7 44.Ne8+ 1/2-1/2

[Event "XIX Festival Conca della Presolana Magistrale"]
[Site "Bratto - Castione della Presolana ITA"]
[Date "1999.08.29"]
[Round "8"]
[White "Dorighet, Claudio"]
[Black "Mariano, Elia"]
[Result "0-1"]
[WhiteElo "2121"]
[BlackElo "2235"]
[PlyCount "80"]
[EventDate "1999.08.22"]

1.c4 c5 2.Nc3 Nc6 3.g3 g6 4.Bg2 Bg7 5.e4 a6 6.Nge2 b5 7.d3 Rb8 8.O-O d6 9.
e5 Nxe5 10.cxb5 axb5 11.d4 cxd4 12.Nxd4 Bd7 13.Re1 Nf6 14.f4 Nc4 15.b3 Na5
16.Nd5 Nxd5 17.Bxd5 O-O 18.f5 Nc6 19.Bxc6 Bxc6 20.fxg6 hxg6 21.Nxc6 Qb6+ 
22.Be3 Qxc6 23.Rc1 Qd7 24.Rc2 Rfc8 25.Rce2 Rc6 26.Bd4 e5 27.Bb2 Rbc8 28.
Rd2 Qc7 29.Ree2 Bh6 30.Rd5 Bc1 31.Ba1 Ba3 32.Re1 Rc1 33.Qd2 Rc2 34.Qh6 
Qb6+ 35.Bd4 Qc6 36.Rexe5 Rc1+ 37.Kf2 dxe5 38.Bxe5 Qc2+ 39.Kf3 Qf5+ 40.Kg2 
R8c2+ 0-1

[Event "XIX Festival Conca della Presolana Magistrale"]
[Site "Bratto - Castione della Presolana ITA"]
[Date "1999.08.29"]
[Round "8"]
[White "Epishin, Vladimir V."]
[Black "Godena, Michele"]
[Result "1/2-1/2"]
[WhiteElo "2657"]
[BlackElo "2490"]
[PlyCount "102"]
[EventDate "1999.08.22"]

1.d4 d5 2.c4 dxc4 3.Nf3 Nf6 4.e3 e6 5.Bxc4 c5 6.O-O a6 7.Bb3 b6 8.Qe2 Bb7 
9.Nc3 Nbd7 10.Rd1 Qb8 11.d5 Nxd5 12.Nxd5 Bxd5 13.Bxd5 exd5 14.Rxd5 Be7 15.
e4 Qc8 16.b3 O-O 17.Bb2 b5 18.h4 Re8 19.Rf1 Qb7 20.Rf5 Rad8 21.Qc2 h6 22.
Re1 Bf8 23.Re3 Re6 24.Nh2 Rg6 25.Ref3 f6 26.h5 Rg5 27.Rxg5 fxg5 28.Ng4 Re8
29.Re3 Qc6 30.e5 Qe6 31.Nf6+ Nxf6 32.exf6 Qf7 33.fxg7 Bxg7 34.Bxg7 Rxe3 
35.fxe3 Kxg7 36.Qxc5 Qxh5 37.Qa7+ Kg8 38.Qa8+ Kg7 39.Qb7+ Kg8 40.Qd5+ Kg7 
41.e4 Qh4 42.Qd7+ Kf6 43.Qd6+ Kf7 44.Qd5+ Ke7 45.Qb7+ Kf8 46.Qb8+ Ke7 47.
Qe5+ Kf7 48.Qf5+ Ke7 49.Qc5+ Kf7 50.Qc7+ Ke6 51.Qc6+ Ke7 1/2-1/2

[Event "XIX Festival Conca della Presolana Magistrale"]
[Site "Bratto - Castione della Presolana ITA"]
[Date "1999.08.29"]
[Round "8"]
[White "Giretti Kanev, Jasen"]
[Black "Mascheroni, Maurizio"]
[Result "1-0"]
[WhiteElo "2152"]
[BlackElo "2067"]
[PlyCount "83"]
[EventDate "1999.08.22"]

1.Nf3 Nf6 2.g3 b6 3.Bg2 Bb7 4.O-O e6 5.d3 d5 6.Bf4 Bd6 7.Bxd6 Qxd6 8.Nbd2 
O-O 9.Rc1 c5 10.e4 dxe4 11.Ng5 Nc6 12.Ndxe4 Qe7 13.Qd2 Rfd8 14.Qf4 Nd4 15.
Rfe1 Nxe4 16.Nxe4 Rab8 17.h4 h6 18.c3 Nf5 19.Rcd1 Nd6 20.Nd2 Bxg2 21.Kxg2 
Rbc8 22.Nf3 Ne8 23.d4 cxd4 24.Nxd4 Nf6 25.Qf3 Qc5 26.a3 Qd5 27.Qxd5 Rxd5 
28.Nf3 Rcd8 29.Rd4 Rxd4 30.Nxd4 Nd5 31.Nc6 Rd7 32.Ne5 Rd8 33.Re4 Ne7 34.
Rc4 Nd5 35.Rd4 Rc8 36.c4 Nf6 37.Kf3 Rc5 38.Nd3 Rc8 39.Ne5 Rc5 40.Rd8+ Kh7 
41.Nxf7 Rxc4 42.Rh8+ 1-0

[Event "XIX Festival Conca della Presolana Magistrale"]
[Site "Bratto - Castione della Presolana ITA"]
[Date "1999.08.29"]
[Round "8"]
[White "Lapiccirella, Daniele"]
[Black "Luchsinger, Eric"]
[Result "0-1"]
[WhiteElo "1891"]
[BlackElo "2200"]
[PlyCount "66"]
[EventDate "1999.08.22"]

1.d4 Nf6 2.c4 c5 3.d5 b5 4.cxb5 a6 5.e3 axb5 6.Bxb5 Qa5+ 7.Nc3 Bb7 8.Be2 
Qb6 9.Bc4 e6 10.e4 Nxe4 11.Nxe4 exd5 12.Bxd5 Bxd5 13.Qe2 Qe6 14.f3 Bc4 15.
Qe3 d5 16.Nf2 Qxe3+ 17.Bxe3 Rxa2 18.Rxa2 Bxa2 19.Ne2 Bc4 20.Nf4 Bd6 21.
N4d3 Na6 22.O-O d4 23.Bd2 Kd7 24.Rc1 Bb5 25.Bf4 Re8 26.Bxd6 Kxd6 27.Nf4 f5
28.h3 Nb4 29.g4 g6 30.Rd1 Re3 31.gxf5 gxf5 32.Kg2 Bc6 33.Rd2 Rxf3 0-1

[Event "XIX Festival Conca della Presolana Magistrale"]
[Site "Bratto - Castione della Presolana ITA"]
[Date "1999.08.29"]
[Round "8"]
[White "Leoni, Fabrizio"]
[Black "Barbafiera, Luigi"]
[Result "1-0"]
[WhiteElo "1905"]
[BlackElo "1915"]
[PlyCount "105"]
[EventDate "1999.08.22"]

1.d4 Nf6 2.Nf3 g6 3.c4 c5 4.d5 b5 5.cxb5 a6 6.bxa6 Bxa6 7.Nc3 Bg7 8.e4 
Bxf1 9.Kxf1 d6 10.g3 Nbd7 11.Kg2 O-O 12.Qe2 Qb6 13.Nd2 Rfb8 14.Nc4 Qb7 15.
a4 Nb6 16.Nxb6 Qxb6 17.Rd1 Nd7 18.Nb5 Qa6 19.Ra3 Nb6 20.b3 Rb7 21.Rd2 Rab8
22.Rda2 Na8 23.Qc2 Nc7 24.Nxc7 Rxc7 25.Bd2 Rcb7 26.Qc4 Ra8 27.Qxa6 Rxa6 
28.a5 Bd4 29.Kf1 Kf8 30.Ke2 Ke8 31.f3 Kd7 32.Kd3 e6 33.Kc4 Bg1 34.h3 h5 
35.Bc3 Be3 36.Re2 Bg5 37.Ra4 Bd8 38.Rea2 exd5+ 39.exd5 Bg5 40.b4 cxb4 41.
Rxb4 Rc7+ 42.Kb5 Rca7 43.Bd4 Ra8 44.Bb6 Bd8 45.Rba4 Bf6 46.Rc4 Bd8 47.Bxd8
Kxd8 48.Rc6 R6a7 49.Rxd6+ Ke7 50.Rb6 Rd8 51.Re2+ Kf8 52.d6 Rda8 53.a6 1-0

[Event "XIX Festival Conca della Presolana Magistrale"]
[Site "Bratto - Castione della Presolana ITA"]
[Date "1999.08.29"]
[Round "8"]
[White "Mauro, Alan"]
[Black "Lapiccirella, Mattia"]
[Result "1/2-1/2"]
[WhiteElo "2278"]
[BlackElo "2124"]
[PlyCount "108"]
[EventDate "1999.08.22"]

1.e4 c5 2.Nf3 Nc6 3.d4 cxd4 4.Nxd4 Nf6 5.Nxc6 bxc6 6.Bd3 d6 7.O-O g6 8.Kh1
Bg7 9.f4 O-O 10.Nd2 Nd7 11.Nf3 e5 12.fxe5 Nxe5 13.Bg5 Qc7 14.Nxe5 Bxe5 15.
Bf6 Bxf6 16.Rxf6 Qe7 17.Rf2 Qe5 18.b3 Be6 19.Qf1 a5 20.a4 Ra7 21.Re1 Qc5 
22.Qe2 f6 23.Ref1 Raf7 24.h3 Kg7 25.Rf4 Qe5 26.Qd2 f5 27.exf5 Bxf5 28.Bxf5
Rxf5 29.Rxf5 Rxf5 30.Re1 Qf6 31.Kg1 Re5 32.Rf1 Rf5 33.Rxf5 Qxf5 34.Qxd6 
Qxc2 35.Qe7+ Kg8 36.Qe6+ Kg7 37.Kh2 Qc3 38.h4 h5 39.Qe7+ Kg8 40.Qc7 Qxb3 
41.Qxa5 Qc4 42.Qg5 Kf7 43.a5 Qa4 44.g3 Qa2+ 45.Kg1 Qa1+ 46.Kf2 Qb2+ 47.Ke3
Qc3+ 48.Ke2 Qc4+ 49.Kf3 Qc3+ 50.Kg2 Qb2+ 51.Kh3 Qa1 52.Qf4+ Kg7 53.Qc7+ 
Kh6 54.Qf4+ Kg7 1/2-1/2

[Event "XIX Festival Conca della Presolana Magistrale"]
[Site "Bratto - Castione della Presolana ITA"]
[Date "1999.08.29"]
[Round "8"]
[White "Moloney, Nicholas R."]
[Black "Lanzani, Mario"]
[Result "0-1"]
[WhiteElo "2128"]
[BlackElo "2403"]
[PlyCount "90"]
[EventDate "1999.08.22"]

1.c4 e6 2.Nf3 d5 3.b3 Be7 4.Bb2 Bf6 5.d4 dxc4 6.e4 cxb3 7.Qxb3 c6 8.Nbd2 
Be7 9.Bd3 Nf6 10.Rc1 Nbd7 11.Bb1 a5 12.a4 Qb6 13.Qc2 Qa6 14.Nb3 Bb4+ 15.
Bc3 Qc4 16.Nfd2 Bxc3 17.Qxc3 Qxc3 18.Rxc3 b5 19.Rxc6 bxa4 20.Nxa5 O-O 21.
Ndc4 Ba6 22.Kd2 Rfb8 23.Rc1 Bb5 24.Rc7 Ne8 25.Rb7 Rxb7 26.Nxb7 Bxc4 27.
Rxc4 Rb8 28.Bc2 Rxb7 29.Rc8 Rb8 30.Rxb8 Nxb8 31.Bxa4 Kf8 32.Kc3 Ke7 33.f4 
Nd7 34.h3 f5 35.exf5 exf5 36.g4 fxg4 37.hxg4 Ndf6 38.Bc2 g6 39.Bd1 Nd5+ 
40.Kd3 Nxf4+ 41.Ke4 g5 42.Kf5 h6 43.Bb3 Nd6+ 44.Ke5 Nd3+ 45.Kd5 Nf2 0-1

[Event "XIX Festival Conca della Presolana Magistrale"]
[Site "Bratto - Castione della Presolana ITA"]
[Date "1999.08.29"]
[Round "8"]
[White "Moncelli, Giorgio"]
[Black "Bresciani, Nicola"]
[Result "1/2-1/2"]
[WhiteElo "2174"]
[BlackElo "2275"]
[PlyCount "52"]
[EventDate "1999.08.22"]

1.c4 Nf6 2.Nf3 b6 3.d4 e6 4.e3 Bb7 5.Bd3 Bb4+ 6.Nbd2 O-O 7.O-O d5 8.a3 Be7
9.b3 Nbd7 10.Bb2 Ne4 11.Qe2 Bd6 12.Rfd1 Qe7 13.Ne5 Nxd2 14.Rxd2 Bxe5 15.
dxe5 Nc5 16.Bc2 dxc4 17.Qxc4 Rfd8 18.Rad1 Rxd2 19.Rxd2 Rd8 20.Qe2 Rd7 21.
Rd4 g6 22.b4 Rxd4 23.exd4 Nd7 24.Be4 Bd5 25.Bxd5 exd5 26.Qb5 Qe6 1/2-1/2